|
|
|
|
| LEADER |
01011nam a22002537a 4500 |
| 001 |
38835 |
| 003 |
BD-DhAAL |
| 008 |
220619t2004 ii ||||| b||| 001 0 eng d |
| 999 |
|
|
|c 44404
|d 44404
|
| 020 |
|
|
|a 812910489X
|
| 040 |
|
|
|a BD-DhAAL
|c BD-DhAAL
|
| 082 |
|
|
|a 954.0072
|2 23
|
| 100 |
|
|
|a Shourie, Arun,
|e author.
|9 49444
|
| 245 |
|
|
|a Eminent historians :
|b their technology, their line, their fraud /
|c Arun Shourie.
|
| 260 |
|
|
|a New Delhi :
|b Rupa Publications,
|c 2004.
|
| 300 |
|
|
|a xii, 271 pages ;
|c 22 cm.
|
| 504 |
|
|
|a Includes bibliographical references and index.
|
| 541 |
|
|
|a Donated By Akbar Ali Khan
|e 38835
|
| 650 |
|
|
|a Historiography.
|9 49445
|
| 651 |
|
|
|a India
|x Historiography.
|9 49446
|
| 651 |
|
|
|a India
|x History
|x Errors, inventions, etc.
|9 49447
|
| 852 |
|
|
|a Ayesha Abed Library
|c Akbar Ali Khan Collection
|
| 942 |
|
|
|2 ddc
|c BK
|
| 952 |
|
|
|0 0
|1 0
|2 ddc
|4 0
|6 954_007200000000000_SHO
|7 1
|9 71037
|a BRACUL
|b BRACUL
|c AAKC
|d 2022-06-19
|e Donated by Akbar Ali Khan
|l 0
|o 954.0072 SHO
|p 3010038835
|r 2022-06-19
|t 1
|w 2022-06-19
|y BK
|